header

Anthonius Margaritha and the Jewish faith (Record no. 40867)

MARC details
000 -LEADER
fixed length control field 01567nam a2200361Ia 4500
082 04 - DEWEY DECIMAL CLASSIFICATION NUMBER
Classification number 284.1092
-- B
100 1# - MAIN ENTRY--AUTHOR NAME
Personal name Walton, Michael Thomson,
245 10 - TITLE STATEMENT
Title Anthonius Margaritha and the Jewish faith
260 ## - PUBLICATION, DISTRIBUTION, ETC. (IMPRINT)
Place of publication Detroit :
Name of publisher Wayne State University Press,
Year of publication c2012.
300 ## - PHYSICAL DESCRIPTION
Number of Pages xvi, 242 p. :
Other physical details ill.
650 #0 - SUBJECT ADDED ENTRY--TOPICAL TERM
Topical Term Christian converts from Judaism
Topical Term Judaism
Topical Term Christianity and other religions
Topical Term Judaism
856 40 - ELECTRONIC LOCATION AND ACCESS
Uniform Resource Identifier http://site.ebrary.com/lib/rucke/Doc?id=10715402

No items available.

© 2026 Rongo University
Contact us: librarian | system librarian | Rongo university